<?xml version="1.0" encoding="UTF-8"?>
<record
    xmlns:xsi="http://www.w3.org/2001/XMLSchema-instance"
    xsi:schemaLocation="http://www.loc.gov/MARC21/slim http://www.loc.gov/standards/marcxml/schema/MARC21slim.xsd"
    xmlns="http://www.loc.gov/MARC21/slim">

  <leader>01622nam a22001937a 4500</leader>
  <controlfield tag="008">120607t        xxu||||| |||| 00| 0 eng d</controlfield>
  <datafield tag="020" ind1=" " ind2=" ">
    <subfield code="a">0471238821</subfield>
  </datafield>
  <datafield tag="050" ind1=" " ind2=" ">
    <subfield code="a">HF 5635.K88</subfield>
  </datafield>
  <datafield tag="100" ind1=" " ind2=" ">
    <subfield code="a">Koeppen, David R.</subfield>
  </datafield>
  <datafield tag="245" ind1=" " ind2=" ">
    <subfield code="a">Analyzing and solving intermediate accounting problems using lotus 1-2-3 (DOS): Intermediate accounting. / </subfield>
    <subfield code="c">David R.Koeppen, Donald E. Kieso and Jerry J. Weygandt</subfield>
  </datafield>
  <datafield tag="250" ind1=" " ind2=" ">
    <subfield code="a">9th</subfield>
  </datafield>
  <datafield tag="260" ind1=" " ind2=" ">
    <subfield code="a">New York :</subfield>
    <subfield code="b">John Wiley and Sons,Inc,</subfield>
    <subfield code="c">1998.</subfield>
  </datafield>
  <datafield tag="300" ind1=" " ind2=" ">
    <subfield code="a">x,275p.:</subfield>
    <subfield code="b">ill.;</subfield>
    <subfield code="c">28cm</subfield>
  </datafield>
  <datafield tag="505" ind1=" " ind2=" ">
    <subfield code="a">Content: The Disk operating system (DOS) -- Introduction to lotus 1-2-3 for DOS -- The Accounting information system -- Appendix--lotus macro tutorials -- Income statement and related information -- Balance sheet and statement of cash flow -- Accounting and the time value of money -- Cash and receivables -- Valuation of inventories : A cost basis approach -- Inventories: Additional valuation problems -- Acquisition and disposition of property,plant, and equipement -- Depreciation,impairments and depletion -- Intangible assets -- Current liabilities and contingencies -- Long-term liabilities -- Stockholders' equity:contributed capital -- Stockholders' equity: retained earnings -- Dilutive securities and earnings per share --Investments -- Revenue recognition -- Accounting for income taxes -- Accounting for pensions and post-retirement benefits -- Accounting for leases -- Accounting changes and error analysis -- Statement of cash flows -- Full disclosure in financial reporting. </subfield>
  </datafield>
  <datafield tag="650" ind1=" " ind2=" ">
    <subfield code="a">Accounting.</subfield>
  </datafield>
  <datafield tag="700" ind1=" " ind2=" ">
    <subfield code="a">Kieso. Donald E. </subfield>
  </datafield>
  <datafield tag="700" ind1=" " ind2=" ">
    <subfield code="a">Weygandt Jerry J. </subfield>
  </datafield>
  <datafield tag="942" ind1=" " ind2=" ">
    <subfield code="2">lcc</subfield>
    <subfield code="c">BK</subfield>
  </datafield>
  <datafield tag="999" ind1=" " ind2=" ">
    <subfield code="c">1156</subfield>
    <subfield code="d">8656</subfield>
  </datafield>
  <datafield tag="952" ind1=" " ind2=" ">
    <subfield code="0">0</subfield>
    <subfield code="1">0</subfield>
    <subfield code="2">lcc</subfield>
    <subfield code="4">0</subfield>
    <subfield code="7">0</subfield>
    <subfield code="a">WIUC-1</subfield>
    <subfield code="b">WIUC-1</subfield>
    <subfield code="c">GEN</subfield>
    <subfield code="d">2012-06-07</subfield>
    <subfield code="l">0</subfield>
    <subfield code="o">HF 5635.K88</subfield>
    <subfield code="p">2911/12</subfield>
    <subfield code="r">2012-06-07 00:00:00</subfield>
    <subfield code="t">1</subfield>
    <subfield code="w">2012-06-07</subfield>
    <subfield code="y">BK</subfield>
  </datafield>
  <datafield tag="952" ind1=" " ind2=" ">
    <subfield code="0">0</subfield>
    <subfield code="1">0</subfield>
    <subfield code="2">lcc</subfield>
    <subfield code="4">0</subfield>
    <subfield code="7">0</subfield>
    <subfield code="a">WIUC-1</subfield>
    <subfield code="b">WIUC-1</subfield>
    <subfield code="c">GEN</subfield>
    <subfield code="d">2012-06-07</subfield>
    <subfield code="l">0</subfield>
    <subfield code="o">HF 5635.K881</subfield>
    <subfield code="p">2912/12</subfield>
    <subfield code="r">2012-06-07 00:00:00</subfield>
    <subfield code="t">2</subfield>
    <subfield code="w">2021-04-14</subfield>
    <subfield code="y">BK</subfield>
  </datafield>
</record>
